Statistics for Famous people to their countries

Click here to take the quiz!

General Stats

  • This quiz has been taken 42 times
  • The average score is 13 of 15

Answer Stats

PersonCountry% Correct
Adolf HitlerAustria
100%
Kim jong unNorth korea
100%
Vladimir PutinRussia
100%
Napeleon BonaparteFrance
98%
Melson MandelaSouth africa
98%
Donald trumpUnited states of america
98%
Jackie ChanChina / Hong Kong / United kingdom
95%
PeleBrazil
93%
Cristiano RonaldoPortugal
93%
Usain BoltJamaica
90%
Diego MaradonaArgentina
85%
Muammar GaddafiLibya
78%
RihannaBarbados
70%
Imrak KhanPakistan
58%
SokearnoIndonesia
40%

Score Distribution

Percentile by Number Answered

Percent of People with Each Score

Your Score History

You have not taken this quiz